[Event "Match \"]
[Site "masterchessopen.com Hamburg (Germany)"]
[Round "7"]
[White "Tal Mikhail N (LAT)"]
[Black "Darga Klaus (GER)"]
[Result "1-0"]
[WhiteElo "2520"]
[BlackElo "2453"]

1.e4 c5 2.Nf3 e6 3.d4 cxd4 4.Nxd4 Nf6 5.Nc3 d6 6.g3 a6 7.Bg2 Qc7 8.O-O Be7
9.f4 Nc6 10.Nxc6 bxc6 11.e5 dxe5 12.fxe5 Nd7 13.Bf4 O-O 14.Ne4 Bb7 15.Qh5 g6
16.Qe2 c5 17.Nf6+ Bxf6 18.exf6 e5 19.Bxe5 Nxe5 20.Bxb7 Rab8 21.Bd5 Rb6 22.Rae1
Nd7 23.Qe7 c4 24.Kh1 Rxb2 25.Re6 Rbb8 26.Rd6 Rbd8 27.Rd1 {#r} 1-0

[Event "Ch Moscow"]
[Site "masterchessopen.com Moscow (Russia)"]
[Round "2"]
[White "Bykhovsky Anatoly A (RUS)"]
[Black "Shamkovich Leonid (USA)"]
[Result "0-1"]
[WhiteElo "2354"]
[BlackElo "2342"]

1.e4 c5 2.Nf3 d6 3.d4 cxd4 4.Nxd4 Nf6 5.Nc3 e6 6.g3 Bd7 7.Bg2 Nc6 8.O-O Be7
9.Nce2 Nxd4 10.Qxd4 Bc6 11.c4 O-O 12.Nc3 a6 13.Bd2 b5 14.cxb5 axb5 15.b4 d5
16.exd5 Nxd5 17.Bxd5 Bf6 18.Qc5 Bxd5 19.Qe3 Ra3 20.Rac1 Bb7 21.Qe2 Qd7 22.f3
Rd8 23.Rc2 Qc6 24.Rfc1 Rxd2 25.Qxd2 Qxf3 26.Ne4 h6 27.Nxf6+ gxf6 28.Rc3 Qh1+
29.Kf2 Qxh2+ 30.Ke1 Qh1+ 31.Kf2 Qg2+ 32.Ke1 Qe4+ 33.Kf2 Rxa2 34.Rc8+ Kg7 {#R}
0-1

[Event "Ch BRD (corr.)"]
[Site "masterchessopen.com BRD"]
[Round "0"]
[White "Heemsoth Hermann"]
[Black "Nathe Emil (GER)"]
[Result "1-0"]
[WhiteElo "1995"]
[BlackElo "2045"]

1.e4 c5 2.Nf3 e6 3.d4 cxd4 4.Nxd4 Nf6 5.Nc3 d6 6.g3 Be7 7.Bg2 a6 8.O-O Qc7
9.f4 Nbd7 10.Kh1 O-O 11.g4 Rd8 12.g5 Ne8 13.f5 Nf8 14.Qf3 f6 15.Be3 Qc4 16.Bg1
Bd7 17.b3 Qc8 18.fxe6 Bxe6 19.Nd5 Bxd5 20.exd5 Qc7 21.Rae1 Rdb8 22.Qh5 Qd8
23.Re3 Nc7 24.Nf5 Ng6 25.Nxe7+ Nxe7 26.gxf6 gxf6 27.Rh3 {#r} 1-0

[Event "Olympiad"]
[Site "masterchessopen.com Habana (Cuba)"]
[Round "0"]
[White "Zorigt D (MGL)"]
[Black "Ciric Dragoljub M (SRB)"]
[Result "0-1"]
[WhiteElo "2270"]
[BlackElo "2276"]

1.e4 c5 2.Nf3 d6 3.d4 cxd4 4.Nxd4 Nf6 5.Nc3 e6 6.g3 Nc6 7.Bg2 Bd7 8.Be3 a6
9.O-O Be7 10.f4 O-O 11.Qe2 Qc7 12.Rad1 Rac8 13.h3 b5 14.a3 Nxd4 15.Bxd4 e5
16.Be3 Bc6 17.f5 Qb7 18.Nd5 Bxd5 19.exd5 Bd8 20.g4 Bb6 21.Bxb6 Qxb6+ 22.Kh1 h6
23.h4 Rc4 24.Bf3 h5 25.g5 Rxh4+ 26.Kg2 Ng4 27.Kg3 Rh2 28.Qd3 Nf2 29.Qe2 Nxd1
30.Qxd1 e4 31.Bxh5 Rxh5 32.Qxh5 Qe3+ 33.Kg2 Qd2+ 34.Kg3 e3 35.Qd1 e2 {#R} 0-1

[Event "Zt"]
[Site "masterchessopen.com Rio Hondo (Argentina)"]
[Round "9"]
[White "Schweber Samuel (ARG)"]
[Black "Rubinetti Jorge (ARG)"]
[Result "1-0"]
[WhiteElo "2348"]
[BlackElo "2382"]

1.e4 c5 2.Nf3 d6 3.d4 cxd4 4.Nxd4 Nf6 5.Nc3 e6 6.g3 a6 7.Bg2 Qc7 8.O-O Be7
9.Nce2 O-O 10.b3 Nc6 11.c4 Bd7 12.Bb2 Rfd8 13.Rc1 Rac8 14.Qd2 Qb8 15.Rc2 Be8
16.f4 b5 17.cxb5 axb5 18.h3 Nxd4 19.Nxd4 Rxc2 20.Qxc2 Rc8 21.Qe2 b4 22.Kh2 Nd7
23.e5 Nc5 24.Qg4 dxe5 25.Nc6 Qb7 26.Nxe5 Qc7 27.Nxf7 Bf8 28.Ne5 Qa7 29.Bd4 Qa6
30.Rc1 Nd7 31.Nc6 Kh8 32.Nxb4 Nf6 33.Bxf6 gxf6 34.Nxa6 {#r} 1-0

[Event "Ch DDR"]
[Site "masterchessopen.com Schwerin (Germany)"]
[Round "5"]
[White "Packroff Hermann (GER)"]
[Black "Pietzsch Wolfgang W (GDR)"]
[Result "0-1"]
[WhiteElo "2187"]
[BlackElo "2420"]

1.e4 c5 2.Nf3 e6 3.d4 cxd4 4.Nxd4 Nf6 5.Nc3 d6 6.g3 Be7 7.Bg2 a6 8.O-O Nbd7
9.f4 Nb6 10.a4 Qc7 11.Kh1 Bd7 12.e5 dxe5 13.fxe5 Qxe5 14.Bxb7 Ra7 15.Bf4 Qc5
16.Bg2 Nbd5 17.Nxd5 Nxd5 18.Nb3 Qc4 19.Bxd5 exd5 20.Qd4 Qxd4 21.Nxd4 O-O 22.b3
Bf6 23.Rad1 Re8 24.Rd2 Bh3 25.Rfd1 Rae7 26.Kg1 g5 27.Bd6 Re4 28.b4 Bg4 {#R}
0-1

[Event "Ch Europe (juniors) (under 20) (qual)"]
[Site "masterchessopen.com Groningen (Netherlands)"]
[Round "4"]
[White "Velikov Petar (BUL)"]
[Black "Bielczyk Jacek (POL)"]
[Result "1-0"]
[WhiteElo "2417"]
[BlackElo "2301"]

1.Nf3 c5 2.e4 e6 3.d4 cxd4 4.Nxd4 Nf6 5.Nc3 d6 6.g3 Nc6 7.Bg2 Qc7 8.O-O Bd7
9.Ndb5 Qb8 10.a4 Be7 11.b3 O-O 12.Ba3 Ne8 13.Bb2 Bf6 14.Qd2 a6 15.Na3 Nd4
16.Nc4 b5 17.e5 Bxe5 18.axb5 f5 19.Nd1 Bxb5 20.Bxd4 Bxd4 21.Qxd4 d5 22.Re1 Rf6
23.Ne5 Ra7 {#r} 1-0

[Event "It (b)"]
[Site "masterchessopen.com Bad Meinberg (Germany)"]
[Round "0"]
[White "Naranja Renato (PHI)"]
[Black "Groenegres Wilfried (GER)"]
[Result "0-1"]
[WhiteElo "2221"]
[BlackElo "2134"]

1.e4 c5 2.Nf3 d6 3.d4 cxd4 4.Nxd4 Nf6 5.Nc3 e6 6.g3 Be7 7.Bg2 O-O 8.O-O a6
9.h3 Nc6 10.Nde2 Qc7 11.g4 Rd8 12.Bf4 Ne5 13.Ng3 b5 14.a3 Bb7 15.Qe2 Rac8
16.Rfc1 Ng6 17.Be3 d5 18.exd5 Nxd5 19.Nxd5 Bxd5 20.Bxd5 Rxd5 21.c3 Nh4 22.f4
Bc5 23.Bxc5 Qxc5+ 24.Kf1 Qc7 25.Qf2 Rd3 26.Ke2 Rcd8 27.Rd1 Qc4 28.Ke1 R8d5
29.Qb6 Qxf4 30.Rxd3 Rxd3 31.Nf1 Ng2+ {#R} 0-1

[Event "Ch Pan-American"]
[Site "masterchessopen.com Buenos Aires (Argentina)"]
[Round "2"]
[White "Gomez Baillo Jorge H (ARG)"]
[Black "Sunye Neto Jaime (BRA)"]
[Result "0-1"]
[WhiteElo "2386"]
[BlackElo "2486"]

1.e4 c5 2.Nf3 d6 3.d4 cxd4 4.Nxd4 Nf6 5.Nc3 e6 6.g3 a6 7.Bg2 Bd7 8.Be3 Nc6
9.Qe2 Qc7 10.f4 Rc8 11.O-O Be7 12.f5 Nxd4 13.Bxd4 Qc4 14.Qd2 e5 15.Bf2 b5
16.a3 a5 17.Rfe1 O-O 18.Bf1 Qc7 19.Bxb5 Bxb5 20.Nxb5 Qxc2 21.Rad1 Qxd2 22.Rxd2
Rc6 23.h3 Rb8 24.Nc3 Bd8 25.Red1 Bc7 26.g4 h6 27.Kg2 Rc4 28.Kf3 Rb3 29.Be3 a4
30.Re2 Ba5 31.Nb1 Nxe4 32.Rd5 Bb6 33.h4 Nf6 34.Rxd6 Rf4+ 35.Kg2 Rxe3 {#R} 0-1

[Event "It (b)"]
[Site "masterchessopen.com Wijk aan Zee (Netherlands)"]
[Round "4"]
[White "Sznapik Aleksander (POL)"]
[Black "Enklaar Bertus F (NED)"]
[Result "1-0"]
[WhiteElo "2330"]
[BlackElo "2410"]

1.e4 c5 2.Nf3 e6 3.d4 cxd4 4.Nxd4 Nf6 5.Nc3 d6 6.g3 Be7 7.Bg2 O-O 8.O-O a6
9.Re1 Qc7 10.Qe2 Nfd7 11.Be3 Ne5 12.Rad1 Nbc6 13.f4 Nxd4 14.Bxd4 Nc6 15.Bf2 b5
16.Nd5 exd5 17.exd5 Nb4 18.Qxe7 Qxe7 19.Rxe7 Bg4 20.Rd2 Nxa2 21.h3 Bc8 22.Bb6
h5 23.Bc7 Bf5 24.Bxd6 Rfe8 25.Rde2 Rxe7 26.Rxe7 b4 27.Bc7 Kf8 28.d6 Re8 29.Bd5
{#r} 1-0

[Event "It (a)"]
[Site "masterchessopen.com Decin (Czech Republic)"]
[Round "6"]
[White "Hausner Ivan (CZE)"]
[Black "Malich Burkhard Dr (GER)"]
[Result "0-1"]
[WhiteElo "2407"]
[BlackElo "2530"]

1.e4 c5 2.Nf3 e6 3.d4 cxd4 4.Nxd4 Nf6 5.Nc3 d6 6.g3 Nc6 7.Bg2 Bd7 8.O-O a6
9.b3 Be7 10.Bb2 O-O 11.Nce2 Qc7 12.c4 Rfd8 13.Kh1 Be8 14.f4 Rac8 15.Qd2 Qb8
16.g4 Nxg4 17.Bf3 Nf6 18.Rg1 g6 19.f5 Ne5 20.fxe6 Nxf3 21.Nxf3 fxe6 22.Ng5 Bc6
23.Ng3 e5 24.Rae1 b5 25.Ne6 Re8 26.c5 Qb7 27.Qe2 Qd7 28.Ng5 dxc5 29.Bxe5 Bd8
30.Ba1 Qg4 31.Qd2 Nd7 32.Qb2 Bf6 33.Nf5 Qxf5 {#R} 0-1

[Event "It \"]
[Site "masterchessopen.com USA"]
[Round "0"]
[White "Carlson Curtis (USA)"]
[Black "Kaminker Harry (CAN)"]
[Result "1-0"]
[WhiteElo "2260"]
[BlackElo "2290"]

1.e4 c5 2.Nf3 e6 3.d4 cxd4 4.Nxd4 Nf6 5.Nc3 d6 6.g3 Nc6 7.Bg2 Bd7 8.O-O a6
9.b3 Be7 10.Bb2 Qc7 11.Nde2 O-O 12.Qd2 Rac8 13.h3 Rfd8 14.g4 Be8 15.g5 Nd7
16.f4 b5 17.a3 b4 18.axb4 Nxb4 19.f5 d5 20.fxe6 fxe6 21.exd5 Nb6 22.Nd4 N6xd5
23.Nxd5 exd5 24.Rae1 Bb5 25.Rxe7 Qxe7 26.Nf5 Qc5+ 27.Bd4 Qc7 28.Bxg7 Bxf1
29.Qd4 Qc5 30.Nh6# 1-0

[Event "Ch DDR"]
[Site "masterchessopen.com Eggesin (Germany)"]
[Round "9"]
[White "Espig Thomas (GER)"]
[Black "Knaak Rainer (GER)"]
[Result "0-1"]
[WhiteElo "2227"]
[BlackElo "2482"]

1.e4 c5 2.Nf3 e6 3.d4 cxd4 4.Nxd4 Nf6 5.Nc3 d6 6.g3 Nc6 7.Bg2 Bd7 8.O-O a6
9.h3 Qc7 10.a4 Be7 11.Nde2 O-O 12.g4 Rfd8 13.Ng3 d5 14.exd5 Be8 15.Be3 Nb4
16.Qc1 Nfxd5 17.Nxd5 Nxd5 18.Bxd5 Rxd5 19.c4 Rd3 {#R} 0-1

[Event "It"]
[Site "masterchessopen.com Kiel (Germany)"]
[Round "11"]
[White "Firnhaber Ingo (GER)"]
[Black "Mortensen Erling (DEN)"]
[Result "0-1"]
[WhiteElo "2019"]
[BlackElo "2448"]

1.e4 c5 2.Nf3 e6 3.d4 cxd4 4.Nxd4 Nf6 5.Nc3 d6 6.g3 Be7 7.Bg2 O-O 8.O-O a6
9.Re1 Qc7 10.a4 Nbd7 11.a5 Rb8 12.Nb3 Ne5 13.Qe2 Bd7 14.f4 Nc4 15.g4 Rfc8
16.g5 Ne8 17.f5 b5 18.axb6 Qxb6+ 19.Kh1 a5 20.Qh5 g6 21.Qh4 Qd8 22.fxg6 fxg6
23.Rf1 Ng7 24.Qf4 Kh8 25.h4 Nh5 26.Qh2 Qc7 27.Rb1 Rf8 28.Nd4 Qb6 29.Nf3 Ne3
30.Bxe3 Qxe3 31.Rfe1 Qf2 32.Qh3 Nf4 33.Qh2 Nxg2 34.Qxg2 Qxf3 {#R} 0-1

[Event "It (b)"]
[Site "masterchessopen.com Decin (Czech Republic)"]
[Date "1978.06.14"]
[Round "5"]
[White "Drvota Antonin (CZE)"]
[Black "Gross Stefan (CZE)"]
[Result "0-1"]
[WhiteElo "2405"]
[BlackElo "2194"]

1.e4 c5 2.Nf3 d6 3.d4 cxd4 4.Nxd4 Nf6 5.Nc3 e6 6.g3 a6 7.Bg2 Be7 8.O-O Qc7
9.Re1 O-O 10.a4 Nc6 11.Nxc6 bxc6 12.a5 Rb8 13.Qe2 Nd7 14.b3 c5 15.Bf4 Bf6
16.Qd2 Ne5 17.Rad1 Rd8 18.Na4 Rb4 19.Nb6 Rd4 20.Qe2 Rxd1 21.Rxd1 Bb7 22.Qd2 h6
23.h4 Bc6 24.b4 cxb4 25.Qxb4 Bb7 26.c4 Nc6 27.Qa3 Bd4 28.Bf3 Qe7 29.Rb1 Bc5
30.Qb2 g5 31.hxg5 hxg5 32.Bd2 Ne5 33.Qc3 Bd4 34.Qa3 Qf6 {#R} 0-1

[Event "It"]
[Site "masterchessopen.com Graz (Austria)"]
[Round "5"]
[White "Watzka Horst (AUT)"]
[Black "Ree Hans (NED)"]
[Result "0-1"]
[WhiteElo "2253"]
[BlackElo "2480"]

1.e4 c5 2.Nf3 e6 3.d4 cxd4 4.Nxd4 Nf6 5.Nc3 d6 6.g3 Be7 7.Bg2 O-O 8.O-O Nc6
9.Re1 Qc7 10.Ndb5 Qb8 11.a4 Rd8 12.Na3 b6 13.Nc4 Bb7 14.Ne3 a6 15.f4 Qc7 16.g4
d5 17.exd5 Nb4 18.g5 Nfxd5 19.Ncxd5 Nxd5 20.Nxd5 Bxd5 21.Qe2 Bxg2 22.Kxg2 Rd5
23.Be3 Bc5 24.c3 Rad8 {#R} 0-1

[Event "?"]
[Site "masterchessopen.com Lucerne (Switzerland)"]
[Round "0"]
[White "Karlsson Lars (SWE)"]
[Black "Sigurjonsson Gudmundur (ISL)"]
[Result "0-1"]
[WhiteElo "2485"]
[BlackElo "2490"]

1.e4 c5 2.Nf3 e6 3.d4 cxd4 4.Nxd4 Nf6 5.Nc3 d6 6.g3 Be7 7.Bg2 O-O 8.O-O a6
9.Nde2 Nc6 10.b3 Qc7 11.Bb2 b5 12.Nf4 Bb7 13.Rc1 Rfd8 14.Re1 Qb6 15.h3 Rac8
16.a3 Ne5 17.Nb1 Qa7 18.Nd3 Nfd7 19.Nxe5 dxe5 20.Qg4 Bc5 21.Qe2 Bd4 22.c3 Bb6
23.b4 Nf6 24.Rf1 Rc4 25.Nd2 Rxd2 26.Qxd2 Nxe4 27.Bxe4 Bxe4 28.Kh2 Bf3 29.Ra1
h6 30.a4 Qb7 31.axb5 axb5 32.Qd6 Re4 33.Rae1 Rxe1 34.Rxe1 Bxf2 35.Qxe5 Qa7
{#R} 0-1

[Event "Ch URS (team)"]
[Site "masterchessopen.com Rostov on Don (Russia)"]
[Round "0"]
[White "Bandziene Rasa (LTU)"]
[Black "Khasanova Elmira (RUS)"]
[Result "0-1"]
[WhiteElo "2170"]
[BlackElo "2033"]

1.e4 c5 2.Nf3 e6 3.d4 cxd4 4.Nxd4 Nf6 5.Nc3 d6 6.g3 Be7 7.Bg2 O-O 8.O-O a6
9.Re1 Qc7 10.Be3 Nc6 11.a4 Na5 12.Qe2 Nc4 13.Bc1 Bd7 14.Nf3 Ng4 15.h3 Nge5
16.Nxe5 dxe5 17.Nd1 Rac8 18.c3 b5 19.Ne3 Na5 20.axb5 axb5 21.Rd1 Rfd8 22.Ra2
b4 23.cxb4 Bxb4 24.Bd2 Bxd2 25.Rxd2 Nb3 26.Rd1 Nc1 27.Qa6 Nxa2 28.Qxa2 Bb5
29.Ra1 h6 30.b4 Qc3 31.Rb1 Ra8 32.Qb2 Qxb2 33.Rxb2 Rd4 34.Nc2 Rd2 {#R} 0-1

[Event "It (open)"]
[Site "masterchessopen.com Gausdal (Norway)"]
[Round "3"]
[White "Kudrin Sergey (USA)"]
[Black "Andruet Gilles (FRA)"]
[Result "1-0"]
[WhiteElo "2480"]
[BlackElo "2370"]

1.e4 c5 2.Nf3 e6 3.d4 cxd4 4.Nxd4 Nf6 5.Nc3 d6 6.g3 Nc6 7.Bg2 Bd7 8.O-O Be7
9.Be3 O-O 10.Qe2 a6 11.Rad1 Qc7 12.f4 Rac8 13.Nb3 b5 14.a3 b4 15.axb4 Nxb4
16.Bf3 Rb8 17.Nd4 g6 18.Kh1 e5 19.Nb3 Be6 20.Nc1 Rfc8 21.Rd2 Nd7 22.Nd3 Bc4
23.Bg2 Nc5 24.f5 Bd8 25.h4 Qe7 26.Qd1 Nbxd3 27.cxd3 Bb3 28.Qf3 Bb6 29.h5 Nd7
30.Bh6 Bd4 31.Nd5 Bxd5 32.exd5 Rxb2 33.Rxb2 Bxb2 34.fxg6 fxg6 35.Bh3 {#r} 1-0

[Event "It (w)"]
[Site "masterchessopen.com Halle (Germany)"]
[Round "0"]
[White "Voiska Margarita (BUL)"]
[Black "Nuenchert Eveline (GER)"]
[Result "1-0"]
[WhiteElo "2336"]
[BlackElo "2121"]

1.e4 c5 2.Nf3 e6 3.d4 cxd4 4.Nxd4 Nf6 5.Nc3 d6 6.g3 Be7 7.Bg2 a6 8.O-O O-O
9.a4 Qc7 10.a5 Bd7 11.Qe2 Nc6 12.Nb3 Ne5 13.f4 Nc4 14.g4 Bb5 15.g5 Nd7 16.Qh5
Rfe8 17.Kh1 Nf8 18.f5 Ne5 19.Nxb5 axb5 20.Nd4 Qc4 21.Be3 b4 22.Bg1 f6 23.fxe6
fxg5 24.b3 Qc3 25.Qe2 Nfg6 26.Be3 Rac8 27.a6 bxa6 28.Rxa6 Nh4 29.Nf5 Qxc2
30.Qxc2 Rxc2 31.Nxe7+ Kh8 32.Rf2 Rc3 33.Nd5 Rxb3 34.e7 Nef3 35.Nc7 {#r} 1-0

[Event "Olympiad"]
[Site "masterchessopen.com Lucerne (Switzerland)"]
[Round "0"]
[White "Wedberg Tom (SWE)"]
[Black "Parameswaran Tiruchi N (IND)"]
[Result "1-0"]
[WhiteElo "2460"]
[BlackElo "2390"]

1.e4 c5 2.Nf3 d6 3.d4 cxd4 4.Nxd4 Nf6 5.Nc3 e6 6.g3 Be7 7.Bg2 O-O 8.O-O a6
9.a4 Qc7 10.Be3 Nc6 11.Qe2 Bd7 12.Nb3 Ne5 13.f4 Nc4 14.Bc1 e5 15.a5 b5 16.axb6
Qxb6+ 17.Kh1 Rfc8 18.f5 a5 19.g4 h6 20.g5 hxg5 21.Bxg5 a4 22.Nd2 Nxd2 23.Qxd2
Bc6 24.Bf3 Bb7 25.Nxa4 Qb5 26.Qd3 Qc6 27.Qb3 Ba6 28.Rg1 Bb5 29.Bh6 Bf8 30.Qe3
Rxa4 31.Rxa4 Bxa4 32.Rxg7+ Bxg7 33.Qg5 Nh5 34.Bxg7 Qxc2 35.Bxe5+ {#r} 1-0

[Event "It"]
[Site "masterchessopen.com Bor (Yugoslavia)"]
[Round "0"]
[White "Pavlovic Dejan (SRB)"]
[Black "Jansa Vlastimil (CZE)"]
[Result "0-1"]
[WhiteElo "2287"]
[BlackElo "2445"]

1.e4 c5 2.Nf3 e6 3.d4 cxd4 4.Nxd4 Nf6 5.Nc3 d6 6.g3 a6 7.Bg2 Qc7 8.O-O Be7
9.h3 O-O 10.Be3 Nc6 11.f4 Na5 12.Bf2 e5 13.Nde2 b5 14.a3 Bb7 15.g4 Nc4 16.Qc1
Rfe8 17.f5 h6 18.b3 Nb6 19.Qe3 Nbd7 20.Rfd1 Rac8 21.Rd2 Qb8 22.Kh1 Qa8 23.Qf3
d5 24.exd5 e4 25.Qf4 Nxd5 26.Nxd5 Bxd5 27.h4 Nf6 28.Be3 Rcd8 29.Bh3 Bb7
30.Rxd8 Rxd8 31.c4 Rd3 32.Rg1 Bd6 33.Qf2 Bc5 {#R} 0-1

[Event "Ch DDR (w)"]
[Site "masterchessopen.com Eilenburg (Germany)"]
[Round "9"]
[White "Wenzel Sylvia (GER)"]
[Black "Seidemann Ulricke (GER)"]
[Result "0-1"]
[WhiteElo "1940"]
[BlackElo "2067"]

1.e4 c5 2.Nf3 e6 3.d4 cxd4 4.Nxd4 Nf6 5.Nc3 d6 6.g3 a6 7.Bg2 Be7 8.O-O O-O
9.Be3 Qc7 10.Qe2 Bd7 11.f4 Nc6 12.Nxc6 Bxc6 13.g4 d5 14.e5 Nd7 15.Bd4 Rac8
16.Qe3 Kh8 17.Rf3 b5 18.Ne2 b4 19.f5 Bb5 20.f6 gxf6 21.exf6 Bd6 22.Qh6 Rg8
23.Rh3 Nf8 24.c4 Bxc4 25.Rc1 Qb8 26.g5 Bxe2 27.Re1 Bg4 28.Rhe3 Bf4 {#R} 0-1

[Event "?"]
[Site "masterchessopen.com Romania"]
[Round "0"]
[White "Stoica Valentin (ROM)"]
[Black "Drimer Dolfi (ROM)"]
[Result "1-0"]
[WhiteElo "2457"]
[BlackElo "2345"]

1.e4 c5 2.Nf3 d6 3.d4 cxd4 4.Nxd4 Nf6 5.Nc3 e6 6.g3 Nc6 7.Bg2 Bd7 8.O-O a6
9.Nxc6 Bxc6 10.a4 Be7 11.Be3 O-O 12.a5 d5 13.Bb6 Qd6 14.exd5 Nxd5 15.Nxd5 Bxd5
16.c4 Bxg2 17.Qxd6 Bxd6 18.Kxg2 Rfc8 19.Rac1 Kf8 20.Rfd1 Ke7 21.c5 Bc7 22.b4
Bxb6 23.cxb6 Rxc1 24.Rxc1 Rd8 25.Rc7+ Rd7 26.b5 axb5 27.a6 bxa6 28.Ra7 Kd6
29.b7 Rxb7 30.Rxb7 Kc6 31.Rxf7 b4 32.Kf1 b3 {#r} 1-0

[Event "It (open)"]
[Site "masterchessopen.com Badenweiler (Germany)"]
[Round "5"]
[White "Ostojic Predrag (YUG)"]
[Black "Muehlbach Peter (GER)"]
[Result "1-0"]
[WhiteElo "2325"]
[BlackElo "2124"]

1.e4 c5 2.Nf3 e6 3.d4 cxd4 4.Nxd4 Nf6 5.Nc3 d6 6.g3 Nc6 7.Bg2 Be7 8.O-O O-O
9.Re1 Bd7 10.Nxc6 Bxc6 11.a4 Qc7 12.Nb5 Qd7 13.c4 Rfd8 14.Nd4 d5 15.cxd5 exd5
16.e5 Ne4 17.e6 Qe8 18.Be3 Bb4 19.exf7+ Qxf7 20.Re2 Bd7 21.Qb3 a5 22.Rc2 Rac8
23.Rac1 Rxc2 24.Rxc2 Bd6 25.Qb6 Qe7 26.Qxb7 Nf6 27.Nc6 Bxc6 28.Qxc6 Bb4 29.Rc1
h6 30.Rd1 Qe5 31.Bd4 Qe2 32.Rf1 Rd6 33.Qc8+ Kh7 34.Qf5+ Kg8 35.Rc1 {#r} 1-0

[Event "It (cat.10)"]
[Site "masterchessopen.com Bor (Yugoslavia)"]
[Round "4"]
[White "Popovic Petar (SRB)"]
[Black "Plaskett Jim (ENG)"]
[Result "1-0"]
[WhiteElo "2535"]
[BlackElo "2480"]

1.e4 c5 2.Nf3 e6 3.Nc3 d6 4.d4 cxd4 5.Nxd4 Nf6 6.g3 Be7 7.Bg2 a6 8.O-O Qc7
9.Be3 O-O 10.g4 Nc6 11.g5 Nd7 12.f4 Re8 13.Kh1 Bf8 14.Qh5 b5 15.Rf3 g6 16.Qh4
Bg7 17.Nxc6 Qxc6 18.Rh3 Nf8 19.e5 d5 20.Bd4 Bb7 21.Nd1 Qxc2 22.Ne3 Qa4 23.Bc5
Rac8 24.b3 Qa5 25.b4 Qa3 26.Ng4 Qb2 27.Rg1 Rxc5 28.bxc5 Kh8 29.Bf3 Qc2 30.Nf6
Bxf6 31.gxf6 g5 32.Qxg5 Qg6 33.Qh4 Qd3 34.Qh6 {#r} 1-0

[Event "Memorial Elekes"]
[Site "masterchessopen.com Budapest (Hungary)"]
[Round "0"]
[White "Kindermann Stefan (AUT)"]
[Black "Lau Ralf (GER)"]
[Result "1-0"]
[WhiteElo "2519"]
[BlackElo "2460"]

1.e4 c5 2.Nf3 d6 3.d4 cxd4 4.Nxd4 Nf6 5.Nc3 e6 6.g3 Nc6 7.Bg2 Bd7 8.O-O Be7
9.Nb3 O-O 10.g4 h6 11.f4 b5 12.e5 dxe5 13.g5 hxg5 14.fxg5 Nh7 15.Ne4 Nd4
16.Nxd4 exd4 17.Qh5 g6 18.Qh4 Bc6 19.Rf3 f5 20.gxf6 Nxf6 21.Rh3 Bxe4 22.Bxe4
Kf7 23.Rf3 Rc8 24.Rxf6+ Bxf6 25.Qh7+ Bg7 26.Bh6 {#r} 1-0

[Event "?"]
[Site "masterchessopen.com Dortmund (Germany)"]
[Round "0"]
[White "Lau Ralf (GER)"]
[Black "Razuvaev Yuri S (RUS)"]
[Result "0-1"]
[WhiteElo "2460"]
[BlackElo "2520"]

1.e4 c5 2.Nf3 e6 3.d4 cxd4 4.Nxd4 Nf6 5.Nc3 d6 6.g3 Nc6 7.Bg2 Bd7 8.O-O Be7
9.Nb3 O-O 10.g4 Rc8 11.g5 Ne8 12.f4 b5 13.a3 g6 14.Be3 a6 15.Qd2 f6 16.h4 Ng7
17.Rad1 Be8 18.Ne2 fxg5 19.hxg5 e5 20.Nc3 exf4 21.Bxf4 Ne6 22.Bxd6 Rxf1+
23.Kxf1 Bxg5 24.Qf2 Bf7 25.Nd5 Ncd4 26.Nxd4 Qxd6 27.Bh3 Rf8 28.Nf3 Nf4 29.e5
Qc6 30.Bd7 Qc4+ 31.Kg1 Bxd5 {#R} 0-1

[Event "It (cat.9)"]
[Site "masterchessopen.com Potsdam (Germany)"]
[Round "0"]
[White "Tischbierek Raj (GER)"]
[Black "Boensch Uwe (GER)"]
[Result "0-1"]
[WhiteElo "2465"]
[BlackElo "2460"]

1.e4 c5 2.Nf3 d6 3.d4 cxd4 4.Nxd4 Nf6 5.Nc3 e6 6.g3 Nc6 7.Bg2 Bd7 8.O-O Be7
9.Nxc6 Bxc6 10.a4 O-O 11.Be3 Nd7 12.Nd5 Bxd5 13.exd5 e5 14.a5 Bg5 15.f4 exf4
16.gxf4 Bf6 17.c3 a6 18.Qd2 Qc8 19.Rfc1 Re8 20.c4 Bxb2 21.c5 Bxc1 22.Rxc1 Nxc5
23.Bxc5 dxc5 24.d6 Qd7 25.Rxc5 Rad8 26.Rd5 Re6 {#R} 0-1

[Event "It"]
[Site "masterchessopen.com Rio de Janeiro (Brazil)"]
[Round "8"]
[White "Limp Eduardo (BRA)"]
[Black "Morovic Fernandez Ivan (CRO)"]
[Result "0-1"]
[WhiteElo "2382"]
[BlackElo "2470"]

1.e4 c5 2.Nf3 e6 3.d4 cxd4 4.Nxd4 Nf6 5.Nc3 d6 6.g3 Nc6 7.Bg2 Bd7 8.O-O Be7
9.Re1 O-O 10.Nxc6 Bxc6 11.e5 dxe5 12.Bxc6 bxc6 13.Rxe5 Nd5 14.Ne2 Rb8 15.c3
Qb6 16.Qc2 Rfd8 17.Re4 Nf6 18.Rh4 g6 19.Nd4 Nd5 20.Re4 Bf6 21.Nf3 Qc5 22.Re2
Qc4 23.Ne5 Bxe5 24.Rxe5 Rb5 25.Qe2 Nb6 26.b3 Rxe5 27.Qxe5 Rd1+ 28.Kg2 Qf1+
29.Kf3 Qh1+ {#R} 0-1

[Event "It (open) \"]
[Site "masterchessopen.com USA"]
[Round "2"]
[White "Buzbuchi Ionut (GER)"]
[Black "Pelts Peter (USA)"]
[Result "1-0"]
[WhiteElo "2315"]
[BlackElo "2332"]

1.e4 c5 2.Nf3 d6 3.d4 cxd4 4.Nxd4 Nf6 5.Nc3 e6 6.g3 Be7 7.Bg2 O-O 8.O-O a6
9.a4 Nc6 10.Be3 Rb8 11.Qe2 Qc7 12.Rad1 Nxd4 13.Bxd4 e5 14.Ba7 Ra8 15.Be3 Be6
16.Nd5 Nxd5 17.exd5 Bd7 18.Ra1 b5 19.a5 Rac8 20.Rfc1 f5 21.Qd2 Bf6 22.Bf1 f4
23.Bb6 Qb7 24.c4 bxc4 25.Rxc4 fxg3 26.hxg3 Bd8 27.Rxc8 Bxc8 28.Be3 Bd7 29.Bc4
Bb5 30.Qb4 Bc7 31.Bxb5 Rb8 32.Qg4 Qxb5 33.Bh6 {#r} 1-0

[Event "Ch DDR"]
[Site "masterchessopen.com Jueteborg (Germany)"]
[Round "6"]
[White "Tischbierek Raj (GER)"]
[Black "Boensch Uwe (GER)"]
[Result "1-0"]
[WhiteElo "2465"]
[BlackElo "2460"]

1.e4 c5 2.Nf3 d6 3.d4 cxd4 4.Nxd4 Nf6 5.Nc3 e6 6.g3 Be7 7.Bg2 O-O 8.O-O a6
9.a4 Qc7 10.Nb3 Nc6 11.a5 Nd7 12.Be3 Rb8 13.Na4 Nxa5 14.Nxa5 Qxa5 15.Ba7 Ra8
16.Nb6 Qxa1 17.Qxa1 Rxa7 18.Nc4 b5 19.Ne3 Rc7 20.Qa5 Rc5 21.Rd1 Bb7 22.e5 Bxg2
23.Kxg2 Nxe5 24.Qxa6 b4 25.Rd4 Rb8 26.f4 Ng6 27.Qa7 Rcc8 28.Rc4 d5 29.Rc7 Bf8
30.Rxf7 d4 31.f5 Ne5 32.Rxf8+ Rxf8 33.Qxd4 Rb5 34.fxe6 Rc8 35.e7 Kf7 {#r} 1-0

[Event "Ch DDR"]
[Site "masterchessopen.com Jueteborg (Germany)"]
[Round "10"]
[White "Tischbierek Raj (GER)"]
[Black "Espig Lutz (GER)"]
[Result "1-0"]
[WhiteElo "2465"]
[BlackElo "2420"]

1.e4 c5 2.Nf3 e6 3.d4 cxd4 4.Nxd4 Nf6 5.Nc3 d6 6.g3 Nc6 7.Bg2 Bd7 8.O-O Be7
9.a4 O-O 10.Nxc6 Bxc6 11.Be3 Nd7 12.Re1 b6 13.Bd4 a6 14.Qe2 Qc7 15.Nd5 Bxd5
16.exd5 e5 17.Be3 Qb7 18.Ra3 Rac8 19.Rb3 Nc5 20.Rb4 Bd8 21.Ra1 Qd7 22.Rc4 a5
23.c3 Ra8 24.Qc2 f5 25.b4 axb4 26.cxb4 Nxa4 27.b5 f4 28.Bc1 Qxb5 29.Raxa4 Ra5
30.gxf4 {#r} 1-0

[Event "It (open)"]
[Site "masterchessopen.com Elenite (Bulgaria)"]
[Round "0"]
[White "Stefanov Krasimir (BUL)"]
[Black "Bunis Vassilis (GRE)"]
[Result "0-1"]
[WhiteElo "2388"]
[BlackElo "2266"]

1.e4 c5 2.Nf3 e6 3.d4 cxd4 4.Nxd4 Nf6 5.Nc3 d6 6.g3 Be7 7.Bg2 a6 8.O-O Qc7
9.f4 Nc6 10.Nf3 O-O 11.Qe2 b5 12.e5 dxe5 13.fxe5 Nd7 14.Bf4 Bb7 15.Rae1 Bc5+
16.Be3 Ncxe5 17.Nxe5 Bxg2 18.Kxg2 Qxe5 19.Qf3 Bxe3 20.Rxe3 Qc5 21.Re2 Ne5
22.Qh5 Qc6+ 23.Kh3 f6 24.Re4 Nf7 25.Rb4 Ng5+ 26.Kg4 e5 27.h4 g6 {#R} 0-1